000 00683nam a2200205 a 4500
999 _c2857
_d2857
001 2857
003 BD-JhCC
005 20171107171914.0
008 171107b2014 bg ||||| |||| 00| 0 ben d
035 _a(BD-JhCC)
040 _aBD-JhCC
_dBD-JhCC
041 _aben
082 _a891.443
_bRAH 2014
100 _aরহমান, সফিয়ার
245 _aশরৎ আকাশে প্রলয়মেঘ /
_cসফিয়ার রহমান
260 _aঢাকা:
_bসিসটেক পাবলিকেশন্স লিমিটেড ;
_c২০১৪
300 _a১২৮ পৃ.;
_c২২ সেমি
650 _aBengali novel
942 _2ddc
_cBK